| 000 | 00654nam a2200217 i 4500 | ||
|---|---|---|---|
| 001 | bgj | ||
| 100 | 1 |
_aSCHROBSDORFF, Angelika _d(1928- ) |
|
| 245 | 1 | 0 |
_aGrandhotel Bulgaria : _bHeimkehr in die Vergangenheit / _cAngelika Schrobsdorff. |
| 260 |
_aMünchen : _bDeitschen Taschenbuch Verlag, _c1998. |
||
| 300 |
_a277, [1] S. ; _c21 cm. |
||
| 600 | 1 | 9 |
_aSchrobsdorff Angelika, 1928- _y1996-1997 |
| 651 | 9 |
_aBulgarien _yGeschichte 1996-1997 |
|
| 655 | _aAutobiographie | ||
| 655 | _aErlebnisbericht | ||
| 020 | _a3423241152 | ||
| 040 | _cBPK | ||
| 041 | 0 | _ager | |
| 920 | _a3-423-24115-2 | ||
| 942 | _cKS | ||
| 008 | s gw f |000 0 ger | ||
| 999 |
_c50917 _d50917 |
||
| 856 |
_uhttp://koha.tu.koszalin.pl/cgi-bin/koha/opac-detail.pl?biblionumber=50917 _yKatalog online BPK |
||